Evidence-based physical therapy for the pelvic floor (Registro nro. 298960)
[ vista simple ]
| 000 -ENCABEZADO | |
|---|---|
| Número de control [NR] | 01142cam a2200301M 4500 |
| 005 - FECHA Y HORA DE LA ÚLTIMA TRANSACCIÓN | |
| control field | 20180313061229.0 |
| 008 - DE LONGITUD FIJA DE DATOS DE ELEMENTOS - INFORMACIÓN GENERAL | |
| Elementos de longitud fija [NR] | 150415s2015 stkado fr 001 0 eng |
| 020 ## - NUMERO INTERNACIONAL NORMALIZADO PARA LIBROS [R] | |
| Número Internacional Normalizado del libro [NR] | 0702044431 |
| 020 ## - NUMERO INTERNACIONAL NORMALIZADO PARA LIBROS [R] | |
| Número Internacional Normalizado del libro [NR] | 9780702044434 |
| 035 ## - NUMERO DE CONTROL DEL SISTEMA [R] | |
| Número de control del sistema [NR] | (OCoLC)903310526 |
| 040 ## - FUENTE DE CATALOGACION [NR] | |
| Agencia de catalogación original [NR] | CO-BoUCM |
| Idioma de catalogación [NR] | spa |
| Quien Cataloga | Jose A. Gerena |
| Quien Clasifica | Jose A. Gerena |
| 041 0# - CODIGO DE IDIOMA [R] | |
| Código de idioma para texto/pista de sonido o título separado [R] | Inglés |
| 060 ## - SIGNATURA TOPOGRAFICA DE LA BIBLIOTECA NACIONAL DE MEDICINA (NLM) [R] | |
| Número clasificador [R] | WE 750 |
| 245 00 - MENCION DE TITULO [NR] | |
| Título [NR] | Evidence-based physical therapy for the pelvic floor |
| Parte restante del título [NR] | bridging science and clinical practice |
| Mención de responsabilidad, etc. [NR] | editado por Kari Bo...[y otros] |
| 250 ## - MENCION DE EDICION [NR] | |
| Mención de edición [NR] | 2a ed |
| 260 ## - PUBLICACION, DISTRIBUCION, ETC. (PIE DE IMPRENTA) [R] | |
| Lugar de publicación, distribución, etc. [R] | Edimburgo (Escocia) |
| Nombre del editor, distribuidor, etc. [R] | Elsevier |
| -- | churchill livingstone |
| Fecha de publicación, distribución, etc. [R] | 2015 |
| 300 ## - DESCRIPCION FISICA [R] | |
| Extensión [R] | xv, 432 páginas |
| Otros detalles físicos [NR] | ilustraciones, cuadros, gráficas, fotografías |
| 504 ## - NOTA DE BIBLIOGRAFIA, ETC. [R] | |
| Nota de bibliografía, etc. [NR] | Incluye referencias bibliográficas e índices |
| 650 #7 - ASIENTO SECUNDARIO DE MATERIA - TERMINO TEMATICO [R] | |
| 9 (RLIN) | 8109 |
| Término temático o nombre geográfico como elemento de entrada [NR] | Sistema musculoesquelético |
| 650 #7 - ASIENTO SECUNDARIO DE MATERIA - TERMINO TEMATICO [R] | |
| 9 (RLIN) | 48992 |
| Término temático o nombre geográfico como elemento de entrada [NR] | Suelo pélvico |
| Subdivisión general [R] | Ejercicios |
| 650 #7 - ASIENTO SECUNDARIO DE MATERIA - TERMINO TEMATICO [R] | |
| 9 (RLIN) | 19133 |
| Término temático o nombre geográfico como elemento de entrada [NR] | Medicina basada en la evidencia |
| 650 #7 - ASIENTO SECUNDARIO DE MATERIA - TERMINO TEMATICO [R] | |
| 9 (RLIN) | 13936 |
| Término temático o nombre geográfico como elemento de entrada [NR] | Ejercicio físico |
| 690 ## - ASUNTO AGREGADO LOCAL DE ENTRADA - TÉRMINO TEMÁTICO (OCLC, RLIN) | |
| 9 (RLIN) | 42819 |
| Acceso temático local | Fisioterapia |
| 700 1# - ASIENTO SECUNDARIO - NOMBRE PERSONAL [R] | |
| Nombre personal [NR] | Bo, Kari |
| Término de relación [R] | editor |
| 9 (RLIN) | 68380 |
| 700 1# - ASIENTO SECUNDARIO - NOMBRE PERSONAL [R] | |
| Nombre personal [NR] | Berghmans, Bary |
| Término de relación [R] | editor |
| 9 (RLIN) | 68381 |
| 700 1# - ASIENTO SECUNDARIO - NOMBRE PERSONAL [R] | |
| Nombre personal [NR] | Morkved, Siv |
| Término de relación [R] | editor |
| 9 (RLIN) | 68382 |
| 942 ## - ELEMENTOS DE ENTRADA AGREGADOS (KOHA) | |
| Sistema de clasificación | NLM |
| Tema principal | Ciencias de la salud |
| Tipo de ítem principal el descrito en 300a | Libro |
| Edición | 2 |
| Clasificación | WE 750 |
| Parte restante de la signatura top. | E937 |
| Título oculto en OPAC | No |
| Fecha de último préstamo | Total préstamos | Total Renewals | Signatura topográfica | Código de barras | Última vez visto | Volúmen / Fascículo | Ejemplar | Costo de reposición | Price effective from | Tipo de ítem | Perdido | Sistema de clasificación | Dañado | No prestable | Tipo de ítem específico | Suprimido | Ubicación habitual | Ubicación actual | Localización | Fecha de creación | Proveedor | Forma de adquisición | Costo |
|---|---|---|---|---|---|---|---|---|---|---|---|---|---|---|---|---|---|---|---|---|---|---|---|
| 27/03/2026 | 14 | 16 | WE 750 E937 | 200028254 | 29/04/2026 | 2a.Ed. | Ej.2 | 199900.00 | 13/04/2015 | Libro | NLM | Libro | Quinta de Mutis | Quinta de Mutis | 2do piso | 13/04/2015 | 37 | Compra | 199900.00 | ||||
| 16/09/2024 | 8 | 10 | WE 750 E937 | 200028253 | 28/04/2026 | 2a.Ed. | Ej.1 | 199900.00 | 13/04/2015 | Libro | NLM | Libro | Quinta de Mutis | Quinta de Mutis | 2do piso | 13/04/2015 | 37 | Compra | 199900.00 |